Mecánica de materiales / (Registro nro. 10333)

Detalles MARC
000 -LIDER
fixed length control field 01064nam a22002297a 4500
001 - NÚMERO DE CONTROL
Identificador de número de control 00515
003 - IDENTIFICACDOR DE NÚMERO DE CONTROL
control field DO-SdBNP
005 - DATE AND TIME OF LATEST TRANSACTION
control field 20160609113821.0
007 - CAMPOS FIJOS DE DESCRIPCIÓN FÍSICA
fixed length control field 00515
008 - ELEMENTOS DE LONGITUD FIJA
fixed length control field 160609b mx 2002||||| |||| 00| 0 spa d
020 ## - ISBN
International Standard Book Number 9789706860958
040 ## - FUENTE DE CATALOGACIÓN
Agencia que crea de manera original el registro BPMSU
Idioma de catalogación spa
Agencia que realiza la transcripción PMSU
092 ## - LOCALLY ASSIGNED DEWEY DECIMAL CALL NUMBER
Número de clasificación xxxxxxxxxx
Número de ítem (Cutter) xxxxxxxxx
100 1# - ASIENTO PRINCIPAL -- NOMBRE PERSONAL
Nombre personal Gere, James M.
245 1# - MENCIÓN DE TITULO
Título Mecánica de materiales /
Mención de responsabilidad James M. Gere
250 ## - MENCIÓN DE EDICION
Mención de edición 5a ed.
260 ## - PUBLICACIÓN, DISTRIBUCIÓN, ETC. (PIE DE IMPRENTA)
Lugar de publicación, distribución, etc México :
Nombre del editor, distribuidor, etc. Thomson * Learning,
Fecha de publicación, distribución, etc 2002.
300 ## - DESCRIPCIÓN FÍSICA
Extensión xviii, 926 p. :
Otros detalles físicos il.,
Dimensiones 26 cm.
505 ## - NOTA DE CONTENIDO
Título Tensión, comprensión y cortante --
-- Miembros cargados axialmente --
-- Torsión --
-- Fuerzas cortantes y momentos flexionantes --
-- Esfuerzos en vigas (tema básicos) --
-- Esfuerzos en vigas (tema avanzados) --
-- Análisis de esfuerzos y deformaciones unitarias --
-- Aplicaciones del esfuerzo plano (recipientes a presión, vigas y cargas combinadas) --
-- Deflexiones de vigas --
-- Vigas estáticamente indeterminadas --
-- Columnas --
-- repaso de centroides y momentos de inercia.
942 ## - ADDED ENTRY ELEMENTS (KOHA)
Source of classification or shelving scheme Dewey Decimal Classification
Koha item type Libros
956 ## - LOCAL ELECTRONIC LOCATION AND ACCESS (OCLC)
Nombre de host BTAVÄREZ
Número de acceso 10
Información de compresión 09062106
Trayectoria 00515
Existencias
Withdrawn status Lost status Source of classification or shelving scheme Damaged status Not for loan Collection code Home library Current library Date acquired Source of acquisition Total Checkouts Barcode Date last seen Price effective from Koha item type
    Dewey Decimal Classification       Biblioteca Pública Metropolitana Salomé Ureña Biblioteca Pública Metropolitana Salomé Ureña 06/09/2016 Donación   BPMSU16060125 06/09/2016 06/09/2016 Libros